| 000 | 00501nam a22001937a 4500 | ||
|---|---|---|---|
| 003 | OSt | ||
| 005 | 20160225160412.0 | ||
| 008 | 160225b xxu||||| |||| 00| 0 eng d | ||
| 010 | _a96004941 | ||
| 020 | _a0716728419 | ||
| 040 | _cN/A | ||
| 050 | _aQA7 .F68 1996 | ||
| 110 | _aCOMAP | ||
| 245 | _aFOR ALL PRACTICAL PURPOSES introduction to contemporary mathematics | ||
| 250 | _a4th ed | ||
| 260 |
_aNEW YORK _bW.H.FREEMAN _cc 1996 |
||
| 300 |
_axxii,884,40,3,14p _bill _c24cm |
||
| 942 |
_2lcc _cBK |
||
| 999 |
_c252632 _d252631 |
||